Currencies of the world - Statistics

General Stats
  • This quiz has been taken 9 times
  • The average score is 68 of 196
Answer Stats
Country Currency % Correct
Albania lek
100%
Afghanistan afghani
75%
Australia Australian dollar
75%
Andorra euro
75%
Austria euro
75%
Algeria Algerian dinar
50%
Kiribati Australian dollar
50%
Azerbaijan Azerbaijani manat
50%
Barbados Barbados dollar
50%
Belarus Belarusian ruble
50%
Belize Belize dollar
50%
Ethiopia birr
50%
Ghana cedi
50%
Costa Rica colon
50%
Bosnia & Herzegovina convertible marka
50%
Cuba Cuban peso
50%
Denmark Danish krone
50%
Kazakhstan tenge
50%
Djibouti Djiboutian franc
50%
Dominican Republic Dominican peso
50%
Armenia dram
50%
Antigua & Barbuda Eastern Caribbean dollar
50%
Dominica Eastern Caribbean dollar
50%
Grenada Eastern Caribbean dollar
50%
Egypt Egyptian pound
50%
Belgium euro
50%
Croatia euro
50%
Cyprus euro
50%
Estonia euro
50%
Finland euro
50%
France euro
50%
Germany euro
50%
Greece euro
50%
Ireland euro
50%
Italy euro
50%
Kosovo euro
50%
Latvia euro
50%
Lithuania euro
50%
Fiji Fijian dollar
50%
Hungary forint
50%
Haiti gourde
50%
Guinea Guinean franc
50%
Iceland Icelandic krona
50%
India Indian rupee
50%
Iran Iranian rial
50%
Iraq Iraqi dinar
50%
Jamaica Jamaican dollar
50%
Jordan Jordanian dinar
50%
Kenya Kenyan shilling
50%
Laos kip
50%
Czech Republic koruna
50%
Kuwait Kuwaiti dinar
50%
Angola kwanza
50%
Georgia lari
50%
Lebanon Lebanese pound
50%
Liberia Liberian dollar
50%
Libya Libyan dinar
50%
Lesotho loti
50%
Eritrea nakfa
50%
Guatemala quetzal
50%
Maldives rufiyaa
50%
Indonesia Rupiah
50%
Kyrgyzstan som
50%
Liechtenstein Swiss franc
50%
Bangladesh taka
50%
Ecuador US dollar
50%
El Salvador US dollar
50%
Federated States of Micronesia US dollar
50%
Japan yen
50%
Argentina Argentine peso
25%
Madagascar ariary
25%
Nauru Australian dollar
25%
The Bahamas Bahamian dollar
25%
Bahrain Bahraini dinar
25%
Thailand baht
25%
Panama balboa
25%
Venezuela bolivar
25%
Bolivia boliviano
25%
Brunei Brunei dollar
25%
Burundi Burundi franc
25%
Canada Canadian dollar
25%
Cameroon Central African CFA franc
25%
Central African Republic Central African CFA franc
25%
Chad Central African CFA franc
25%
Equatorial Guinea Central African CFA franc
25%
Gabon Central African CFA franc
25%
Republic of the Congo Central African CFA franc
25%
Chile Chilean peso
25%
Colombia Colombian peso
25%
Comoros Comorian franc
25%
Democratic Republic of the Congo Congolese franc
25%
Nicaragua cordoba
25%
The Gambia dalasi
25%
North Macedonia denar
25%
Sao Tome & Principe dobra
25%
Vietnam dong
25%
Saint Kitts & Nevis Eastern Caribbean dollar
25%
Saint Lucia Eastern Caribbean dollar
25%
Saint Vicent & the Grenadines Eastern Caribbean dollar
25%
United Arab Emirates Emirati dirham
25%
Cape Verde escudo
25%
Luxembourg euro
25%
Malta euro
25%
Monaco euro
25%
Montenegro euro
25%
Netherlands euro
25%
Portugal euro
25%
San Marino euro
25%
Slovakia euro
25%
Slovenia euro
25%
Spain euro
25%
Vatican City euro
25%
Paraguay guarani
25%
Guyana Guyanese dollar
25%
Ukraine hryvnia
25%
Papua New Guinea kina
25%
Myanmar kyat
25%
Honduras lempira
25%
Sierra Leone leone
25%
Romania leu
25%
Bulgaria lev
25%
Eswatini lilangeni
25%
Turkey lira
25%
Malawi Malawian kwacha
25%
Mauritius Mauritian rupee
25%
Mozambique metical
25%
Mexico Mexican peso
25%
Moldova Moldovan leu
25%
Morocco Moroccan dirham
25%
Nigeria naira
25%
Namibia Namibian dollar
25%
Nepal Nepalese rupee
25%
Israel new Israeli shekel
25%
Taiwan New Taiwan dollar
25%
New Zealand New Zealand dollar
25%
Bhutan ngultrum
25%
North Korea North Korean won
25%
Norway Norwegian krone
25%
Peru nuevo sol
25%
Oman Omani rial
25%
Mauritania ouguiya
25%
Tonga pa'anga
25%
Pakistan Pakistani rupee
25%
Philippines Philippine peso
25%
United Kingdom pound sterling
25%
Botswana pula
25%
Qatar Qatari riyal
25%
South Africa rand
25%
Brazil real
25%
China renminbi yuan
25%
Cambodia riel
25%
Malaysia ringgit
25%
Russia Russian ruble
25%
Rwanda Rwandan franc
25%
Saudi Arabia Saudi riyal
25%
Serbia Serbian dinar
25%
Seuchelles Seychelles rupee
25%
Singapore Singapore dollar
25%
Solomon Islands Solomon Islands dollar
25%
Somalia Somali shilling
25%
Tajikistan somoni
25%
South Korea South Korean won
25%
South Sudan South Sudanese pound
25%
Sri Lanka Sri Lankan rupee
25%
Sudan Sudanese pound
25%
Uzbekistan sum
25%
Suriname Surinamese dollar
25%
Sweden Swedish krona
25%
Switzerland Swiss franc
25%
Syria Syrian pound
25%
Samoa tala
25%
Tanzania Tanzanian shilling
25%
Trinidad & Tobago Trinidad & Tobago dollar
25%
Mongolia tugrik
25%
Tunisia Tunisian dinar
25%
Turkmenistan Turkmenistani manat
25%
Tuvalu Tuvaluan dollar
25%
Uganda Ugandan shilling
25%
Uruguay Uruguayan peso
25%
Marshall Islands US dollar
25%
Palau US dollar
25%
Timor-Leste US dollar
25%
United States US dollar
25%
Vanuatu vatu
25%
Benin West African CFA franc
25%
Burkina Faso West African CFA franc
25%
Guinea-Bissau West African CFA franc
25%
Ivory Coast West African CFA franc
25%
Mali West African CFA franc
25%
Niger West African CFA franc
25%
Senegal West African CFA franc
25%
Togo West African CFA franc
25%
Yemen Yemeni rial
25%
Zambia Zambian kwacha
25%
Zimbabwe Zimbabwean dollar
25%
Poland zloty
25%
No matching quizzes found
Score Distribution
Percent of People with Each Score
Percentile by Number Answered
Your Score History
You have not taken this quiz